| 000 | 00858 a2200181 4500 | ||
|---|---|---|---|
| 003 | Nust | ||
| 005 | 20221031090500.0 | ||
| 040 | _cNust | ||
| 082 | _a621.3133,COT | ||
| 100 |
_aCotton, H. _940193 |
||
| 245 |
_aAlternating current machines / _cH. Cotton |
||
| 260 |
_aCleaver-Hume Press _bLondon _c1952 |
||
| 300 |
_a303 p _billus _c19 cm |
||
| 505 | _aThe Rotating Magnetic Field (Page-9), The Alternator(Page-43), Alternator Characteristics(Page-69), The Poly Phase Induction Motor (Page-95), Starting and Speed Control Of Induction Motor(Page-125), The Synchronous Motor (Page-165), The Synchronous Induction Motor(Page-191), Poly Phase Commutator (Page-205), Single Phase Motor (Page-232), The Conversion of Alternation to Direct Currents (Page-264). | ||
| 600 |
_aCotton H _940193 |
||
| 650 |
_aAlternating current machines _9101731 |
||
| 942 |
_2ddc _cBK |
||
| 999 |
_c180587 _d180587 |
||